Everest 1933
Saved in:
| Main Author: | |
|---|---|
| Format: | Book |
| Language: | English |
| Published: |
Londres
Hodder & Stoughton
1934
|
| Edition: | 1a. ed |
| Subjects: | |
| Tags: |
Add Tag
No Tags, Be the first to tag this record!
|
MARC
| LEADER | 00000nam a2200000 a 4500 | ||
|---|---|---|---|
| 001 | UCJ5525 | ||
| 003 | CL-VaPUC | ||
| 008 | 070124e19340000UK |||||||||||||||||eng|d | ||
| 082 | 0 | 4 | |a 910.4 |b RUT |2 21 |
| 100 | 0 | |a Ruttledge, Hugh |e author |9 510776 | |
| 245 | 1 | 0 | |a Everest 1933 |
| 250 | |a 1a. ed | ||
| 300 | |a xv, 390 p | ||
| 942 | |c BK | ||
| 945 | |d 20070124 00:00:00 |a rinostro | ||
| 260 | |a Londres |b Hodder & Stoughton |c 1934 | ||
| 500 | |a Front., vista del Everest; mapas, ilustraciones e iconografía conforme a lo señalado en el índice | ||
| 650 | 7 | |a MONTAÑISMO |2 CL-VaPUC |9 384709 | |
| 650 | 7 | |a DIARIO |2 CL-VaPUC |9 441581 | |
| 650 | 0 | |a Medicina |9 258507 | |
| 650 | 7 | |a FISIOLOGIA |2 CL-VaPUC |9 510777 | |
| 650 | 7 | |a FLORA |2 CL-VaPUC |9 264745 | |
| 650 | 7 | |a FAUNA |2 CL-VaPUC |9 349523 | |
| 650 | 0 | |a Geología |9 260984 | |
| 650 | 7 | |a METEOROLOGIA |2 CL-VaPUC |9 260030 | |
| 650 | 7 | |a SHERPAS |2 CL-VaPUC |9 505608 | |
| 650 | 7 | |a LAMAS |2 CL-VaPUC |9 507141 | |
| 650 | 0 | |a Mapas |9 260844 | |
| 650 | 0 | |a Iconografía |9 267998 | |
| 650 | 0 | |a Ilustraciones |9 369481 | |
| 651 | 7 | |a TIBET |2 CL-VaPUC |9 324206 | |
| 651 | 7 | |a HIMALAYAS |2 CL-VaPUC |9 510778 | |
| 583 | |a last modification |c 20070124 00:00:00 |k Rodrigo Vera | ||
| 999 | |c 321634 |d 321632 | ||
| 952 | |0 0 |1 0 |4 0 |6 910_400000000000000_RUT_1934 |7 0 |8 X |9 400431 |a FDOBUD |b FDOBUD |d 2019-11-22 |i 1035878 |o 910.4 RUT 1934 |p 1035878 |r 2019-11-22 |w 2019-11-22 |y BK_X |k BUD | ||